Wicked - Popular - Missing Lyrics - Statistics

General Stats
  • This quiz has been taken 693 times
  • The average score is 42 of 50
Answer Stats
Character Missing Lyric % Correct
La-la, la-la. We're gonna make you {pop-u-lar}
99%
La-la, la-la. You'll be {popular}
99%
Please, it's all about {pop-u-lar}
99%
Popular. I know about {popular}
99%
Popular. I'll help you be {pop-u-lar}
99%
Popular. You're gonna be {pop-u-lar}
99%
How to fix your {hair}
97%
I know I know exactly what they {need}
96%
And let's face it, who isn't less {fortunate} than I
95%
Follow my {lead}
95%
Glinda Whenever I see someone less {fortunate} than I
95%
And even in your {case}
94%
So let's start, 'cos you've got an awfully {long} way to go
94%
You'll be good at {sports}
94%
And when someone needs a {makeover}
93%
I'll show you what {shoes} to wear
93%
To be who you'll {be}
93%
I simply have to take {over}
91%
Don't be offended by my frank {analysis}
90%
Though it's the toughest case I've yet to {face}
90%
Don't worry, I'm determined to {succeed}
89%
Little ways to {flirt} and flounce, ooh!
89%
Not when it {comes} to
89%
My tender heart tends to start to {bleed}
88%
Glinda Just not quite as popular as {me}
85%
Very very pop-u-lar like.. {me}.
85%
Don't make me {laugh}! They were popular!
84%
Everything that really {counts} to be
84%
From {becoming} populer.. -lar
84%
There's nobody {wiser}
83%
There's nothing that can {stop} you
83%
And, yes {indeed}, you.. will.. be..
82%
Think of it as personality {dialysis}
80%
When I see depressing {creatures} with unprepossessing features
80%
You'll hang with the right {cohorts}
80%
Did they have {brains} or knowledge?
79%
I'll teach you the proper {poise} when you talk to boys
78%
Know the {slang} you've got to know
78%
And with an {assist} from me
75%
Celebrated heads of state or 'specially {great} communicators
70%
It's the way you're {viewed}
69%
Your new-found {popularity}. Ha!
68%
It's not about {aptitude}
67%
Now that I've chosen to become a power {sis-ter} and advisor
66%
And though you {protest} your disinterest
65%
Instead of {dreary} who you were, well, are
64%
You're gonna grin and {bear} it
63%
So it's very {shrewd} to be
54%
I remind them on their own {behalf} to.. think.. of..
50%
I know {clandestiny}
40%
No matching quizzes found
Score Distribution
Percent of People with Each Score
Percentile by Number Answered
Your Score History
You have not taken this quiz